| 000 | 01219nac a22003737a 4500 | ||
|---|---|---|---|
| 001 | BR2012009196 | ||
| 003 | BR-BrBNA | ||
| 005 | 20240105123947.0 | ||
| 008 | 230509b bl.|||m| |||| 00| 0 por d | ||
| 040 |
_aBR-BrBNA _bpor _cBiblioteca Nacional de Agricultura |
||
| 072 | _aL02 | ||
| 090 | _a3372 BR2012009196 | ||
| 100 | 1 | _aSilva, J.G.M. da | |
| 100 | 1 | _aLima, G.F. da C. | |
| 100 | 1 | _aMaciel, F.C. | |
| 100 | 1 | _aAguiar, E.M. de | |
| 100 | 1 | _aAraújo, M. de S. | |
| 110 | 1 | _aEmpresa de Pesquisa Agropecuária do Rio Grande do Norte S.A., Natal (Brasil) | |
| 245 | 1 | _aUtilização e manejo do xiquexique e mandacaru como reservas estratégicas de forragem | |
| 260 | 3 |
_aNatal, RN (Brasil): _c2007. |
|
| 300 | _a35 p. | ||
| 490 |
_aDocumentos - Empresa de Pesquisa Agropecuária do Rio Grande do Norte S.A. (Brazil) _vno. 33 _xISSN 0103-4197 |
||
| 500 | _a9 tables; 11 illus.; 31 ref. | ||
| 650 | _aCACTO | ||
| 650 | _aRUMINANTE | ||
| 650 | _aNUTRIÇÃO ANIMAL | ||
| 650 | _aREBANHO | ||
| 650 | _aFORRAGEM | ||
| 650 | _aALIMENTAÇÃO NA SECA | ||
| 650 | _aMORFOLOGIA VEGETAL | ||
| 650 | _aFISIOLOGIA VEGETAL | ||
| 909 |
_a202312 _bLúcia Elande _c55 _dLúcia Elande |
||
| 942 |
_2AGRIS _n0 _cMS |
||
| 999 |
_c297737 _d297737 |
||